Nihon no gyōji matsuri jiten /

Saved in:
Bibliographic Details
Corporate Author: Sanseidō Shoten. Henshūjo.
Format: Book
Language:Japanese
Published: Tōkyō : Sanseidō, 1980.
Subjects:
Tags: Add Tag
No Tags, Be the first to tag this record!
LEADER 00667cam a2200217Ia 4500
001 007721018-2
005 20020606104010.5
008 830804s1980 ja af r 000 0 jpn
010 |a  81806279  
035 0 |a ocm09775325 
040 |a DLC  |c OSU  |d OSU  |d COO  |d YNH 
050 |a GT4884.A2  |b N478 
245 0 0 |a Nihon no gyōji matsuri jiten /  |c Sanseidō Henshūjo hen. 
260 |a Tōkyō :  |b Sanseidō,  |c 1980. 
300 |a 30, 382 p., [2] p. of plates :  |b ill. ;  |c 19 cm. 
650 0 |a Festivals  |z Japan  |v Directories. 
651 0 |a Japan  |x Guidebooks. 
651 0 |a Japan  |x Religious life and customs. 
710 2 |a Sanseidō Shoten.  |b Henshūjo. 
988 |a 20020608 
906 |0 DLC